00526nam a2200181 a 4500001001300000003000900013005001700022008004100039020001000080082001500090100002000105245008900125260003400214300000900248500003500257650003200292700002000324nice12345678IN_TiNIC20260116014746.0070828s2003 dela grp 000 0 eng  ac32000a302.2bNOR aNorton, Michael aGetting Started in Communicationb A Practical Guide for Activists and Organisations aDelhibSage Publicationc2003 a175p aincludes index and biblioraphy aNgos-Public Relations-India1 aNorton, Michael